Susceptibility of upper and lower leaf surfaces, and effect of wounding of Hevea brasiliensis (Rubber) leaf to Colletotrichum isolates from forest tree (Record no. 70060)

MARC details
000 -LEADER
fixed length control field 00563nam a2200169Ia 4500
100 ## - MAIN ENTRY--AUTHOR NAME
Personal name Zakaria Mariah
245 #0 - TITLE STATEMENT
Title Susceptibility of upper and lower leaf surfaces, and effect of wounding of Hevea brasiliensis (Rubber) leaf to Colletotrichum isolates from forest tree
260 ## - PUBLICATION, DISTRIBUTION, ETC. (IMPRINT)
Name of publisher Journal of Tropical Forest Science
Year of publication 2003
300 ## - PHYSICAL DESCRIPTION
Number of Pages 497-501
650 ## - SUBJECT ADDED ENTRY--TOPICAL TERM
Topical Term Colletotrichum
650 ## - SUBJECT ADDED ENTRY--TOPICAL TERM
Topical Term Hevea brasiliensis
650 ## - SUBJECT ADDED ENTRY--TOPICAL TERM
Topical Term Leaf surfaces
700 ## - ADDED ENTRY--PERSONAL NAME
Personal name Ahmad Mohd Farid
700 ## - ADDED ENTRY--PERSONAL NAME
Personal name Bailey J A
942 ## - ADDED ENTRY ELEMENTS (KOHA)
Koha item type Journals
Holdings
Withdrawn status Lost status Damaged status Not for loan Home library Current library Shelving location Date acquired Serial Enumeration / chronology Koha item type
      Journals RRII Library RRII Library Pathology 17/12/2021 Volume 15, Issue 3 Journals